000 01064nas a2200325 4500
001 BR2013002112
003 BR-BrBNA
005 20231205122117.0
007 ta
008 230509b bl.|||p| |||| 00| 00por d
040 _aBR-BrBNA
_bpor
_cBiblioteca Nacional de Agricultura
041 _a(Pt)
072 _aQ03
100 1 _aMaia, A. de A.
100 1 _aCantisani, M.L.
100 1 _aEsposto, E. de M.
100 1 _aSilva, W.C.P.
100 1 _aRodrigues, E.C. dos P.
100 1 _aRodrigues, D. dos P.
100 1 _aLázaro, N. dos S.
245 1 _aResistência antimicrobiana de Pseudomonas aeruginosa isolados de pescado e de cortes e de miúdos de frango
650 _aCARNE
650 _aCONTAMINAÇÃO
650 _aPRODUTO DE ORIGEM ANIMAL
650 _aPEIXE DE ÁGUA DOCE
773 0 _tCiência e Tecnologia de Alimentos (Brazil)
_xISSN 1678-457X
_g(Jan-Mar 2009), V. 29(1) p. 114-119
_wBR2013002112
856 4 0 _uhttp://www.scielo.br/pdf/cta/v29n1/v29n1a18.pdf
909 _a202311
_bLúcia
_c55
_dLúcia Elande
942 _2AGRIS
_n0
_cANA
999 _c226980
_d226980